Wrath of the hellfires (Record no. 211893)

MARC details
000 -LEADER
fixed length control field 00662nam a2200241Ia 4500
003 - CONTROL NUMBER IDENTIFIER
control field OSt
005 - DATE AND TIME OF LATEST TRANSACTION
control field 20260131095933.0
008 - FIXED-LENGTH DATA ELEMENTS--GENERAL INFORMATION
fixed length control field 210719s2020 xx 000 0 und d
020 ## - INTERNATIONAL STANDARD BOOK NUMBER
International Standard Book Number 9789389305678
040 ## - CATALOGING SOURCE
Transcribing agency Tr
041 ## - LANGUAGE CODE
Language code of text/sound track or separate title eng
082 ## - DEWEY DECIMAL CLASSIFICATION NUMBER
Classification number 820.33 NATW
100 ## - MAIN ENTRY--PERSONAL NAME
Personal name Shatrujeet Nath
9 (RLIN) 253375
245 ## - TITLE STATEMENT
Title Wrath of the hellfires
260 ## - PUBLICATION, DISTRIBUTION, ETC.
Place of publication, distribution, etc. Ahmedabad
Name of publisher, distributor, etc. Jaico Publishing House
Date of publication, distribution, etc. 2020
300 ## - PHYSICAL DESCRIPTION
Extent xx,536
Other physical details PB
365 ## - TRADE PRICE
Price amount 499
Currency code Rs
440 ## - SERIES STATEMENT/ADDED ENTRY--TITLE
Title Vikramaditya veergatha Book 4
9 (RLIN) 253376
650 ## - SUBJECT ADDED ENTRY--TOPICAL TERM
Topical term or geographic name entry element Indian English Fiction
9 (RLIN) 253377
650 ## - SUBJECT ADDED ENTRY--TOPICAL TERM
Topical term or geographic name entry element Indian English Literature
9 (RLIN) 253378
906 ## - LOCAL DATA ELEMENT F, LDF (RLIN)
a hellfires ; Vikramaditya ; Wrath
942 ## - ADDED ENTRY ELEMENTS (KOHA)
Source of classification or shelving scheme Dewey Decimal Classification
Koha item type Book
Holdings
Withdrawn status Lost status Damaged status Not for loan Collection code Home library Current library Date acquired Source of acquisition Cost, normal purchase price Total Checkouts Full call number Barcode Date last seen Cost, replacement price Price effective from Koha item type
          St Aloysius Library St Aloysius Library 03/26/2021 Biblios Book Point, Surathkal-575014 | General Annual 499.00   820.33 NATW 074707 07/19/2021 399.20 07/19/2021 Book